Použitie 3-fenyl-4-(4-metylsulfonyl)fenyl)-2-(5H)-furanónu

Bibliographic Details
Format: Book
Language:Slovak
Published: [Banská Bystrica] Úrad priemyselného vlastníctva Slovenskej republiky [2004]

MARC

LEADER 00000nam a2200000 a 4500
001 vtls001561407
003 SK-MaSNL
005 20260224203935.0
008 050422s xo d 000 0 slo
013 |a 284 330  |b xxu  |f xxk  |c patentový spis  |d 20050103  |e dátum nadobudnutia účinkov patentu (Vestník ÚPV SR č.:1/2005)  |d 20041227  |e dátum sprístupnenia patentu verejnosti 
013 |a 1567-98  |e číslo prihlášky  |d 19970513  |e dátum podania prihlášky  |d 20000118  |e dátum zverejnenia prihlášky (Vestník ÚPV SR č.:01/2000 ) 
013 |a 60/017878  |e číslo prioritnej prihlášky  |d 19960517  |e dátum podania prioritnej prihlášky 
013 |a 9612063.9  |e číslo prioritnej prihlášky  |d 19960610  |e dátum podania prioritnej prihlášky 
013 |a PCT/US97/08041  |e číslo podania medzinárodnej prihlášky podľa PCT 
013 |a WO97/44028  |e číslo zverejnenia medzinárodnej prihlášky podľa PCT 
040 |a SNK  |b slo  |c SNK  |e AACR2 
245 1 |a Použitie 3-fenyl-4-(4-metylsulfonyl)fenyl)-2-(5H)-furanónu 
260 |a [Banská Bystrica]  |b Úrad priemyselného vlastníctva Slovenskej republiky  |c [2004] 
919 |a ISBN 
999 |c 1163095  |d 1165025 
952 |a SNK  |b SNK  |y PREZ  |7 0  |p 17A0467349  |o snkSK 284330  |i snk2005/6744  |8 0  |0 0  |1 0  |4 0  |d 2005-04-22  |l 0  |r 2026-02-24 20:39:35  |w 2026-02-24